00872pam a2200265 a 4500999001500000001000400015003000900019005001700028008004100045010001700086020002600103020002600129040002800155082002100183245006000204260002900264300004400293504005100337650002300388650003000411650001400441700002000455942001200475952011900487 c6780d6780250BD-DhUAP20210107113345.0210107s1992 nyua b 001 0 eng  a 92002645  a1560810939 (New York) a3527282343 (Weinheim) aDLCcDLCdBD-DhUAPbeng00a660.2842 POL22300aPolymers for gas separation /cedited by Naoki Toshima. aNew York :bVCH,cc1992. ax, 245 pages :billustrations ;c25 cm. aIncludes bibliographical references and index. 0aGasesxSeparation. 0aGas separation membranes. 0aPolymers.1 aToshima, Naoki. 2ddccBK 00102ddc4070aUAPCLbUAPCLcGeneral Stacksd2021-01-07o660.2842 POLp3010000250r2021-01-07t1w2021-01-07yBK